000 00500nam a22001577a 4500
003 macl
005 20200705155918.0
008 200705b xxu||||| |||| 00| 0 eng d
040 _cmacl
082 _a891.433/GUP/S
100 _aहरीशचन्‍द्र गुप्‍त
_978854
245 _aसंस्‍कृत की अमर रचनाऍ
260 _aदिल्‍ली
_bतेजस बुक डिपो
_c2019
650 _aकहानी
_978855
942 _2ddc
_cHIN
999 _c62559
_d62559